| 000 | 00000nam 2200000zi 4500 |
| 001 | 9.918920 |
| 003 | CaOODSP |
| 005 | 20230529132711 |
| 006 | m o d f |
| 007 | cr ||||||||||| |
| 008 | 230109t20232023quc o f00| 0 fre d |
| 020 | |a9780660469928 |
| 040 | |aCaOODSP|bfre|erda|cCaOODSP |
| 043 | |an-cn--- |
| 086 | 1 |aCH4-204/2023F-PDF |
| 245 | 00|aCe que nous avons entendu : |btables rondes sur la sécurité en ligne 2022. |
| 264 | 1|a[Gatineau, QC] : |bPatrimoine canadien = Canadian Heritage, |c[2023]. |
| 264 | 4|c©2023 |
| 300 | |a1 ressource en ligne (32 pages non numérotées) |
| 336 | |atexte|btxt|2rdacontent/fre |
| 337 | |ainformatique|bc|2rdamedia/fre |
| 338 | |aressource en ligne|bcr|2rdacarrier/fre |
| 500 | |aPublié aussi en anglais sous le titre : What we heard report: 2022 online safety roundtables. |
| 504 | |a« Entre juillet et novembre 2022, le ministre du Patrimoine canadien et ses représentants ont tenu 19 tables rondes sur les principaux éléments d’un cadre législatif et réglementaire sur la sécurité en ligne. Au total, 13 tables rondes régionales et six tables rondes thématiques sur l’antisémitisme, l’islamophobie, le racisme envers les personnes noires, le racisme envers les personnes asiatiques, la violence fondée sur le sexe et les grandes entreprises de la technologie ont eu lieu entre juillet et novembre 2022. Les participants ont également été appelés à donner leur avis sur les conseils du Groupe consultatif d’experts sur la sécurité en ligne qui a terminé ses réunions le 10 juin »--Résumé, page [3]. |
| 650 | 6|aPropagande haineuse sur Internet|zCanada|xOpinion publique. |
| 650 | 6|aOpinion publique|zCanada. |
| 710 | 1 |aCanada. |bPatrimoine canadien, |eorganisme de publication. |
| 775 | 08|tWhat we heard report : |w(CaOODSP)9.918916 |
| 856 | 40|qPDF|s302 Ko|uhttps://publications.gc.ca/collections/collection_2023/pch/CH4-204-2023-fra.pdf |
| 856 | 4 |qHTML|sS.O.|uhttps://www.canada.ca/fr/patrimoine-canadien/campagnes/contenu-prejudiciable-en-ligne/ce-que-nous-avons-entendu/rapport.html |